LDR 00604naa#a2200181#i#450# 001 EN\INFRA-M\bibl\103600 005 20260413220801.1 011 ## _a2712-9640 100 ## _a20250922b2025####ek#y0engy0150####ca 102 ## _aRU 200 1# _aThe Rayleigh—Taylor instability as a trigger of solar flares _eJournal article 210 1# _aMoscow _cINFRA-M Academic Publishing LLC. _d2025 215 ## _a6 с. 608 ## _aJournal article _2local 675 ## _aВспышки и подобные явления. 523.985 _z 700 #1 _aStepanov _gAleksandr Vladimirovich 700 #1 _aZaitsev _gValeriy Vasilyevich 856 4# _azh-szf.ru _u